LIBRARY & INFORMATION CENTRE, KCAET, TAVANUR

ONLINE PUBLIC ACCESS CATALOGUE (OPAC)

Life of Mahatma Gandhi / (Record no. 730)

MARC details
000 -LEADER
fixed length control field 00544cam a2200205ua 4500
041 ## - LANGUAGE CODE
Language code of text/sound track or separate title eng
082 ## - DEWEY DECIMAL CLASSIFICATION NUMBER
Classification number 923.2
Item number FIS/LI
100 ## - MAIN ENTRY--AUTHOR NAME
Personal name Fischer, Louis .
245 ## - TITLE STATEMENT
Title Life of Mahatma Gandhi /
260 ## - PUBLICATION, DISTRIBUTION, ETC. (IMPRINT)
Place of publication Mumbai :
Name of publisher Bharatiya Vidya Bhavan ,
Year of publication 1959.
300 ## - PHYSICAL DESCRIPTION
Number of Pages 250 ; .
490 0# - SERIES STATEMENT
Series statement Bhavan`s book University,
Volume number/sequential designation Part 1
942 ## - ADDED ENTRY ELEMENTS (KOHA)
Koha item type Books
Holdings
Withdrawn status Lost status Damaged status Home library Current library Date acquired Full call number Accession Number Koha item type
Withdrawn     KAUAET Kelappaji 07/04/2012 923.2 3405 Books
Withdrawn     KAUAET Sanskrit University 07/04/2012 923.2 3404 Books
free website counter